000 00182nam a22000977a 4500
020 _a9788131023891
082 _aK390
245 _a151 TALES OF HATIM TAI
300 _a80P
942 _cBK
999 _c7375
_d7375